000
00306nam a22001337a 4500
008
181030b xxu||||| |||| 00| 0 eng d
020
_a
9781402064067
041
_a
eng
080
_a
101
100
_a
24
101
_a
FIL
245
_a
Platonism at the Origins of Modernity
_c
Hedley, D
942
_2
udc
_c
BK
999
_c
51149
_d
51149